<?xml version="1.0" encoding="UTF-8"?>
<record
    xmlns:xsi="http://www.w3.org/2001/XMLSchema-instance"
    xsi:schemaLocation="http://www.loc.gov/MARC21/slim http://www.loc.gov/standards/marcxml/schema/MARC21slim.xsd"
    xmlns="http://www.loc.gov/MARC21/slim">

  <leader>00881nam a22001817a 4500</leader>
  <controlfield tag="005">20240910152706.0</controlfield>
  <datafield tag="010" ind1=" " ind2=" ">
    <subfield code="a">HIN-128360</subfield>
  </datafield>
  <datafield tag="020" ind1=" " ind2=" ">
    <subfield code="a">9789394083011</subfield>
    <subfield code="c">550.00</subfield>
  </datafield>
  <datafield tag="035" ind1=" " ind2=" ">
    <subfield code="a">HN-100706</subfield>
  </datafield>
  <datafield tag="037" ind1=" " ind2=" ">
    <subfield code="b">DBAD</subfield>
  </datafield>
  <datafield tag="245" ind1=" " ind2=" ">
    <subfield code="a">&#x939;&#x93E;&#x936;&#x93F;&#x90F; &#x915;&#x93E; &#x938;&#x92E;&#x93E;&#x91C; &#x914;&#x930; &#x938;&#x93E;&#x939;&#x93F;&#x924;&#x94D;&#x92F;/</subfield>
    <subfield code="c">&#x930;&#x947;&#x916;&#x93E; &#x926;&#x941;&#x92C;&#x947; &#x926;&#x94D;&#x935;&#x93E;&#x930;&#x93E; &#x938;&#x902;&#x92A;&#x93E;&#x926;&#x93F;&#x924;</subfield>
  </datafield>
  <datafield tag="260" ind1=" " ind2=" ">
    <subfield code="a">&#x926;&#x93F;&#x932;&#x94D;&#x932;&#x940;</subfield>
    <subfield code="b">&#x928;&#x940;&#x930;&#x91C; &#x92C;&#x941;&#x915; &#x938;&#x947;&#x902;&#x91F;&#x930;</subfield>
    <subfield code="c">2022</subfield>
  </datafield>
  <datafield tag="270" ind1=" " ind2=" ">
    <subfield code="a">C-32, &#x906;&#x930;&#x94D;&#x92F;&#x928;&#x917;&#x930; &#x938;&#x94B;&#x938;&#x93E;&#x92F;&#x91F;&#x940;, &#x92A;&#x94D;&#x932;&#x949;&#x91F;-91, &#x906;&#x908;. &#x92A;&#x940;. &#x90F;&#x915;&#x94D;&#x938;&#x91F;&#x947;&#x936;&#x928;</subfield>
    <subfield code="b">&#x926;&#x93F;&#x932;&#x94D;&#x932;&#x940;</subfield>
    <subfield code="e">110092</subfield>
    <subfield code="k">8800139684</subfield>
    <subfield code="m">bhavanaprakashan@gmail.com</subfield>
  </datafield>
  <datafield tag="300" ind1=" " ind2=" ">
    <subfield code="a">224 &#x92A;&#x943;. </subfield>
    <subfield code="c">23 &#x938;&#x947;&#x92E;&#x940; (&#x938;&#x91C;&#x93F;&#x932;&#x94D;&#x926;)</subfield>
  </datafield>
  <datafield tag="650" ind1=" " ind2=" ">
    <subfield code="a">&#x939;&#x93F;&#x928;&#x94D;&#x926;&#x940;</subfield>
    <subfield code="9">71420</subfield>
  </datafield>
  <datafield tag="700" ind1=" " ind2=" ">
    <subfield code="9">70991</subfield>
    <subfield code="a">&#x926;&#x941;&#x92C;&#x947;, &#x930;&#x947;&#x916;&#x93E;</subfield>
    <subfield code="e">&#x938;&#x902;&#x92A;&#x93E;&#x926;&#x915;</subfield>
  </datafield>
  <datafield tag="942" ind1=" " ind2=" ">
    <subfield code="a">DPL</subfield>
    <subfield code="c">HN</subfield>
    <subfield code="2">ddc</subfield>
    <subfield code="h">820.8</subfield>
    <subfield code="m">&#x926;&#x941;&#x92C;&#x947;&#x930;&#x947;</subfield>
  </datafield>
  <datafield tag="999" ind1=" " ind2=" ">
    <subfield code="c">205613</subfield>
    <subfield code="d">205613</subfield>
  </datafield>
  <datafield tag="952" ind1=" " ind2=" ">
    <subfield code="0">0</subfield>
    <subfield code="1">0</subfield>
    <subfield code="4">0</subfield>
    <subfield code="7">0</subfield>
    <subfield code="8">NFIC</subfield>
    <subfield code="a">BL4</subfield>
    <subfield code="b">BL4</subfield>
    <subfield code="d">2024-09-05</subfield>
    <subfield code="e">DBAD</subfield>
    <subfield code="g">550.00</subfield>
    <subfield code="l">0</subfield>
    <subfield code="o">820.8 &#x926;&#x941;&#x92C;&#x947;&#x930;&#x947;</subfield>
    <subfield code="p">HN-100706</subfield>
    <subfield code="r">2024-09-05 00:00:00</subfield>
    <subfield code="t">1</subfield>
    <subfield code="v">550.00</subfield>
    <subfield code="w">2024-09-05</subfield>
    <subfield code="y">HN</subfield>
  </datafield>
</record>
